Christian citizenship and honest legislation : A sermon delivered before His Excellency Henry J. Gardner, His Honor Henry W. Benchley, the honorable Council, and the legislature of Massachusetts, at the annual election, Wednesday, Jan. 6, 1858 /

Bibliographic Details
Main Author: Huntington, F. D. (Frederic Dan), 1819-1904
Format: Microform Book
Language:English
Published: Boston : W. White, 1858.
Subjects:

MARC

Tag First Indicator Second Indicator Subfields
LEADER 00000cam a2200000 4500
001 in00001100549
005 20150929203734.0
007 he buu---bubu
008 760922s1858 mau b s000 0 eng d
010 |a nuc87547500  
035 |a (OCoLC)02457540 
035 |9 AFT3678AM 
040 |a LCP  |c MIA  |d MIA  |d m/c  |d RQM  |d TXA  |d UtOrBLW 
043 |a n-us-ma 
049 |a TXAI 
050 1 0 |a BV4260  |b .M5 1858 
099 |a fiche  |a C  |a 7093 
100 1 |a Huntington, F. D.  |q (Frederic Dan),  |d 1819-1904. 
245 1 0 |a Christian citizenship and honest legislation :  |b A sermon delivered before His Excellency Henry J. Gardner, His Honor Henry W. Benchley, the honorable Council, and the legislature of Massachusetts, at the annual election, Wednesday, Jan. 6, 1858 /  |c By F.D. Huntington ... 
264 1 |a Boston :  |b W. White,  |c 1858. 
300 |a 44 pages ;  |c 23 cm. 
336 |a text  |b txt  |2 rdacontent 
337 |a microform  |b h  |2 rdamedia 
338 |a microfiche  |b he  |2 rdacarrier 
500 |a Printed by order of the Massachusetts House of Representatives. 
500 |a Master microform held by: LCP. 
533 |a Microfiche.  |b Louisville, Ky.,  |c Lost Cause Press,  |d 1974.  |e 2 sheets. 11 x 15 cm.  |f (Selected Americana from Sabin's Dictionary of books relating to America) 
539 |a s  |b 1974  |d kyu  |e n 
500 |a Microform. 
650 0 |a Election sermons  |z Massachusetts. 
999 |a MARS 
999 f f |s c4d55931-78ed-319a-922f-24e4c6409653  |i df12cd27-d8e5-352f-8793-2c34303af87b  |t 0 
952 f f |p normal  |a Texas A&M University  |b College Station  |c Sterling C. Evans Library  |d Evans: Microforms (3rd floor)  |t 0  |e fiche C 7093  |h Other scheme  |i microform -- microfiche  |m A14823033354 
998 f f |a fiche C 7093  |t 0  |l Evans: Microforms (3rd floor)